000 00428nam a2200181Ia 4500
001 24061
005 20260414151018.0
008 260414t1949||||xx |||||||||||||| ||spa||
041 _aESP
082 _a759.44
_bL55
100 _aLeymarie, Jean
_eAUT
245 0 _aGauguin :
_bexposition du centenaire
260 _c1949
300 _a103 páginas :
_c18 cm.
650 _aABD
654 _aCAU
942 _cLIB
_dJUS
_fJUS
_2ddc
_n
999 _c24061
_d24061